| 000 | 00790nam a22002297a 4500 | ||
|---|---|---|---|
| 003 | OSt | ||
| 005 | 20250801111740.0 | ||
| 008 | 200213s1996 sp |||||r|||| 001 j spa d | ||
| 020 | _a9589573908 | ||
| 040 |
_aCO-JMCR _cCO-JMCR |
||
| 082 | 0 | 4 |
_aA-C _bMANr _220 |
| 100 | 1 |
_aManrique, Pedro, _eautor _9554 |
|
| 245 |
_aRéquiem por la tierra : _bAntología _cPedro Manrique |
||
| 250 | _aPrimera edición | ||
| 260 |
_aBogotá : _bDepartamento Nacional de Planeación, _c1996 |
||
| 300 |
_a309 páginas ; _c23 cm. |
||
| 500 | _aDatos biografía del autor en tapa posterior. | ||
| 504 | _aBibliografía páginas 433-436. | ||
| 505 | _aIntroitus -- Kyrie -- Sequenz -- Offertorium -- Benedictus -- Agnus dei -- Communio | ||
| 650 | 1 | 4 |
_aLiteratura española _ysiglo XX _9555 |
| 942 |
_2ddc _cBK |
||
| 999 |
_c6513 _d6513 |
||